000
00294 a2200121 4500
005
20260424085836.0
020
_a
9781788176491
100
_a
ANDERSSON,M
245
_a
Positivity is Our Superpower
260
_a
London
_b
HAY HOUSE
_c
2022
300
_a
x,225p:ill;pictures
_c
21.3cm
942
_2
ddc
_c
BKS
999
_c
6871
_d
6871